| 000 | 00796nam a22002057a 4500 | ||
|---|---|---|---|
| 999 |
_c3323 _d3323 |
||
| 003 | AR-CdUCM | ||
| 008 | 190306b ||||| |||| 00| 0 spa d | ||
| 040 |
_aMUNICIPALIDAD PROVINCIAL DEL CUSCO _cBIBLIOTECA MUNICIPAL DEL CUSCO |
||
| 082 |
_a344.5103 / _bG92 |
||
| 100 |
_aGuillen Guillen, Félix S. _911040 |
||
| 245 |
_aManual de medicina legal : _bSinópsis delas clases dictadas en la Escuela Nacional de Policía / |
||
| 260 |
_aLima : _c1959. |
||
| 300 |
_a163 páginas ; _c21 cm. |
||
| 505 | _aContenido: Programa de medicina legal -- Rol de trabajos prácticos -- Medicina legal -- Traumatología medico-legal -- División -- Lesiones ... | ||
| 650 |
_aMedicina Legal _911041 |
||
| 650 |
_aInvestigación _91940 |
||
| 650 |
_aCriminología _97441 |
||
| 942 |
_2ddc _cLIBROS |
||
| 945 | _aachl | ||